Random African countries - Statistics

General Stats
  • This quiz has been taken 31 times
  • The average score is 13 of 15
Answers on the Map
Answers color-coded by a green-red scale on the quiz's map according to % correct below.
 
Answer Stats
Answer % Correct
Algeria
96%
Ethiopia
96%
Lesotho
92%
South Africa
92%
Sudan
92%
Angola
88%
Djibouti
88%
Niger
88%
Guinea
83%
Mali
83%
Nigeria
83%
Sierra Leone
83%
Benin
79%
Chad
75%
Togo
67%
No matching quizzes found
Score Distribution
Percent of People with Each Score
Percentile by Number Answered
Your Score History
You have not taken this quiz